Hoishaleswara vishnuvardhana (Record no. 189638)

000 -LEADER
fixed length control field 00351nam a2200133Ia 4500
008 - FIXED-LENGTH DATA ELEMENTS--GENERAL INFORMATION
fixed length control field 220405s9999||||xx |||||||||||||| ||und||
082 ## - DEWEY DECIMAL CLASSIFICATION NUMBER
Classification number 894.8143
100 ## - MAIN ENTRY--PERSONAL NAME
Personal name Ta.Ra.Su
245 #0 - TITLE STATEMENT
Title Hoishaleswara vishnuvardhana
260 ## - PUBLICATION, DISTRIBUTION, ETC.
Place of publication, distribution, etc. Hemanth prakashana
Name of publisher, distributor, etc. Bangalore
Date of publication, distribution, etc. 2014
300 ## - PHYSICAL DESCRIPTION
Extent 157p.
Other physical details Rs.75
650 ## - SUBJECT ADDED ENTRY--TOPICAL TERM
Topical term or geographic name entry element GENERAL BOOKS
942 ## - ADDED ENTRY ELEMENTS (KOHA)
Koha item type
Holdings
Withdrawn status Lost status Source of classification or shelving scheme Damaged status Not for loan Collection code Home library Current library Date acquired Total Checkouts Full call number Barcode Date last seen Date last checked out Price effective from Koha item type
          Humanity Science Central Library Central Library 04/05/2022 1 894.8143 SP31 01/09/2023 09/27/2022 04/05/2022 Special collection books

Powered by Koha